Privatizace, ekonomika a ekologie v energetice.

Štátna filozofia privatizácie a reštrukturalizácie energetiky vychádza zo strategickej významnosti tranzitnej (prenosovej) sústavy čs. energetiky. Jednotlivé elektrárne môžu byť i v čs. súkromné, ale prenosová sústava elektrickej energie by mala zostať racionálne a pružne ovplyvniteľná štátom. Predp...

Ausführliche Beschreibung

Gespeichert in:
Bibliographische Detailangaben
1. Verfasser: Veselý, J.
Format: Buchkapitel
Sprache:Tschechisch
Schlagworte:
Tags: Tag hinzufügen
Keine Tags, Fügen Sie das erste Tag hinzu!

MARC

LEADER 00000naa a2200000 4500
001 r010587
005 20220831084538.4
041 0 |a cze 
044 |a [CS] 
245 1 0 |a Privatizace, ekonomika a ekologie v energetice.  |c J. Veselý 
520 |a Štátna filozofia privatizácie a reštrukturalizácie energetiky vychádza zo strategickej významnosti tranzitnej (prenosovej) sústavy čs. energetiky. Jednotlivé elektrárne môžu byť i v čs. súkromné, ale prenosová sústava elektrickej energie by mala zostať racionálne a pružne ovplyvniteľná štátom. Predpoklad tvrdej konkurencie v rámci integrovanej Európy. Nevyhnutnosť a spôsoby riešenia ekologických problémov energetiky. 
610 2 0 |a privatizácia 
610 2 0 |a energetika 
610 2 0 |a ekológia 
610 2 0 |a ČSFR 
610 2 0 |a elektrárne 
610 2 0 |a štát 
610 2 0 |a konkurencia 
610 2 0 |a Európa 
100 1 |a Veselý, J.